Central Library OPAC University of Rajshahi

ইসলামে চিত্রকলা / (Record no. 77702)

MARC details
000 -LEADER
fixed length control field 00939nam a2200241 a 4500
001 - CONTROL NUMBER
control field 77702
003 - CONTROL NUMBER IDENTIFIER
rucl marc code BD-RjUL
005 - DATE AND TIME OF LATEST TRANSACTION
control field 20211209083019.0
008 - FIXED-LENGTH DATA ELEMENTS--GENERAL INFORMATION
fixed length control field 201229s1979 bg ||||| |||| 00| 0 ben d
020 ## - INTERNATIONAL STANDARD BOOK NUMBER
Terms of availability : Tk ৫০.০০
035 ## - SYSTEM CONTROL NUMBER
System control number (BD-RjUL)77928
040 ## - CATALOGING SOURCE
Original cataloging agency BD-RjUL
Language of cataloging ben
Transcribing agency BD-RjUL
041 ## - LANGUAGE CODE
Language code of text/sound track or separate title ben
082 ## - DEWEY DECIMAL CLASSIFICATION NUMBER
Edition number 23
Classification number 759.297
Author mark and year HAI 1986
100 ## - MAIN ENTRY--PERSONAL NAME
Personal name হাসান, সৈয়দ মাহমুদূল
9 (RLIN) 175100
245 10 - TITLE STATEMENT
Title ইসলামে চিত্রকলা /
Statement of responsibility, etc. সৈয়দ মাহমুদুল হাসান
260 ## - PUBLICATION, DISTRIBUTION, ETC. (IMPRINT)
Place of publication, distribution, etc. ঢাকা :
Name of publisher, distributor, etc. ইসলামী গবেষণা ও প্রকাশনা ,
Date of publication, distribution, etc. ১৯৮৬
300 ## - PHYSICAL DESCRIPTION
Pagination ২১৫ পৃ. ;
Size ২১ সেমি.
490 ## - SERIES STATEMENT
Series statement ইসলামী শিল্পকলা সিরিজ ; নং- ১
650 ## - SUBJECT ADDED ENTRY--TOPICAL TERM
Topical term or geographic name as entry element চিত্রকলা
General subdivision ইসলাম
9 (RLIN) 179245
Topical term or geographic name as entry element Art
General subdivision Islam
9 (RLIN) 188540
942 ## - ADDED ENTRY ELEMENTS (KOHA)
Source of classification or shelving scheme Dewey Decimal Classification
Koha item type Books
Holdings
Lost status Source of classification or shelving scheme Damaged status Not for loan Collection code Permanent Location Current Location Shelving location Date acquired Source of acquisition Total Checkouts Full call number Date last seen Copy number Koha item type
  Dewey Decimal Classification   Not For Loan Non-fiction Central Library, University of Rajshahi Central Library, University of Rajshahi Reading Room 22/07/1986 burew of Bangladesh   B 759.297 HAI 1986 29/12/2020 C-1 Books